| 000 | 00311nam a22001097a 4500 | ||
|---|---|---|---|
| 082 | _a658 MAN'B | ||
| 100 |
_aJAEDICKE, ROBERT K,BONINI, CHARLES P,WAGNER, HERREY M _956986 |
||
| 245 | _aMANAGEMENT CONTROLS NEW DIRECTION IN BASIC RESEARCH | ||
| 260 |
_aNEWYORK _bMCGRAW HILL _c1964 |
||
| 300 | _a341P | ||
| 942 | _cBK | ||
| 999 |
_c567308 _d567308 |
||